<?xml version="1.0" encoding="UTF-8"?>
<record
    xmlns:xsi="http://www.w3.org/2001/XMLSchema-instance"
    xsi:schemaLocation="http://www.loc.gov/MARC21/slim http://www.loc.gov/standards/marcxml/schema/MARC21slim.xsd"
    xmlns="http://www.loc.gov/MARC21/slim">

  <leader>00518nam a22001457a 4500</leader>
  <datafield tag="999" ind1=" " ind2=" ">
    <subfield code="c">114872</subfield>
    <subfield code="d">114872</subfield>
  </datafield>
  <controlfield tag="005">20191130095756.0</controlfield>
  <controlfield tag="008">191130b           ||||| |||| 00| 0 eng d</controlfield>
  <datafield tag="040" ind1=" " ind2=" ">
    <subfield code="c">PK-LaUMT</subfield>
  </datafield>
  <datafield tag="082" ind1=" " ind2=" ">
    <subfield code="a">158.1</subfield>
    <subfield code="b">COP-K</subfield>
  </datafield>
  <datafield tag="100" ind1=" " ind2=" ">
    <subfield code="a">Copmare, M. R. = &#x6A9;&#x648;&#x67E; &#x645;&#x6CC;&#x626;&#x631;&#x60C; &#x627;&#x6CC;&#x645;&#x6D4; &#x622;&#x631;&#x6D4;</subfield>
  </datafield>
  <datafield tag="245" ind1=" " ind2=" ">
    <subfield code="a">Kamyabi hazir he = &#x6A9;&#x627;&#x645;&#x6CC;&#x627;&#x628;&#x6CC; &#x62D;&#x627;&#x636;&#x631; &#x6C1;&#x6D2;/</subfield>
    <subfield code="c">by M. R. Copmare; translated by Iqbal Kadar = &#x627;&#x632; &#x627;&#x6CC;&#x645; &#x622;&#x631; &#x6A9;&#x648;&#x67E;&#x61B; &#x62A;&#x631;&#x62C;&#x645;&#x6C1; &#x627;&#x642;&#x628;&#x627;&#x644; &#x6A9;&#x627;&#x631;&#x62F;&#x627;&#x631;</subfield>
  </datafield>
  <datafield tag="260" ind1=" " ind2=" ">
    <subfield code="a">Lahore :</subfield>
    <subfield code="b">Book Home,</subfield>
    <subfield code="c">2018</subfield>
  </datafield>
  <datafield tag="300" ind1=" " ind2=" ">
    <subfield code="a">280 p.</subfield>
  </datafield>
  <datafield tag="942" ind1=" " ind2=" ">
    <subfield code="c">BK</subfield>
  </datafield>
  <datafield tag="952" ind1=" " ind2=" ">
    <subfield code="0">0</subfield>
    <subfield code="1">0</subfield>
    <subfield code="4">0</subfield>
    <subfield code="7">0</subfield>
    <subfield code="a">01</subfield>
    <subfield code="b">01</subfield>
    <subfield code="d">2019-11-30</subfield>
    <subfield code="l">3</subfield>
    <subfield code="o">158.1 COP-K</subfield>
    <subfield code="p">131259</subfield>
    <subfield code="r">2026-03-07 10:05:13</subfield>
    <subfield code="s">2026-01-03</subfield>
    <subfield code="w">2019-11-30</subfield>
    <subfield code="y">BK</subfield>
  </datafield>
</record>
